1416 1097 1629 1532 1340 1326 1194 1992 1069 1194 1062 1208 1818 1328 1321 1625 1719 1579 1989 1245 1165 1610 1500 1387 1692 1630 1330 1745 1864 1400 1334 1922 1747 1400 1611 1063 1217 1136 1275 1285 1103 1722 1755 1581 1540 1803 1005 1928 1224 1487 1973 1612 1224 1907 1270 1467 1107 1808 1656 1481 1370 1071 1008 1128 1325 1067 1166 1488 1427 1891 1587 1071 1547 1557 1269 1400 1321 1015 1469 1562 1760 1093 1308 1317 1977 1433 1566 1257 1384 1316 1852 1293 1187 1503 1452 1451 1694 1138 1125 BCNSPRNW ULIB Ver.6.0+V

เปลี่ยนเป็นภาษาไทย

Change to English
 แสดงรายละเอียดบรรณานุกรม
  กลับหน้าหลัก

Brief Record : Get Marc (ISO 2709) : E-mail record : QR code < ปิดหน้าต่าง
LEADER : 00000nam 2200000uu 4500
001    13399112629
003     ULIB
008    110829s2546||||th 000 0 tha d
020    9749170172
050  4 HD1593^bค125พ 2546
245 00 พลังคนพิการไทย ก้าวใหม่สู่การมีงานทำ = ^bคู่มือเตรียมความพร้อมสู่การมีงานทำสำหรับคนพิการ /^cกระทรวงการพัฒนาสังคมและความมั่นคงของมนุษย์
250    พิมพ์ครั้งที่ 1
260    [กรุงเทพฯ] :^bเทพเพ็ญวานิสย์,^c2546
300    70 หน้า ;^c21 ซม.
650  4 การฟื้นฟูสมรรถภาพด้านอาชีพ
650  4 คนพิการ^xการจ้างงาน
650  4 คนพิการ^zไทย^xอาชีพ
710 2  กระทรวงการพัฒนาสังคมและความมั่นคงของมนุษย์
945    ^p0^l0^i021871
995    ทศพร
999 ^a ทศพร
รายการนี้ยังไม่มีแท็ก
คุณยังไม่ได้ล็อกอิน คุณสามารถมีกิจกรรมร่วมกับเว็บไซต์ได้ แต่ต้องล็อกอินก่อน ::
  ล็อกอิน

รายการสื่อสารสนเทศ

ลำดับที่ ประเภท เลขเรียก/บาร์โค้ด สถานที่ สถานะ
- ไม่พบข้อมูล -

BibComment


ยังไม่เคยถูกคอมเมนท์

คอมเมนท์ทรัพยากรรายการนี้
  คอมเมนท์: พลังคนพิการไทย ก้..


 Copyright 2026. Bcnsprnw @Library